| 000 | 00775cam a22001934a 4500 | ||
|---|---|---|---|
| 005 | 20250605164208.0 | ||
| 008 | 250528s ||||||||||||||||||||||||d | ||
| 035 | _a20115 | ||
| 020 | _a56399988 | ||
| 040 |
_aGR-AtMCL _bgre _dGR-AtMCL _eAACR2 |
||
| 245 | 1 | _aComputer Architecture / Computer Science Series | |
| 260 |
_bVan Nostrand Reinhold, _c1970 |
||
| 300 | _a228 | ||
| 520 | _aThe Presentation of Information, Gates and Elementary Logic, Read-Write Storage, Putting the Bits Together, An Elementary Machine, Variations on Addressing, Variations in Input/ Output, Other Instructions, Speeding Up the Computer, Parallelism and Distributed Logic, Tessellated Computers, Index. | ||
| 700 | 1 |
_aFoster Caxton C _96164 |
|
| 942 | _cBK | ||
| 999 |
_c5254 _d5254 |
||